[Event "HUN-chT2 Asztalos 1819"]
[Site "Hungary"]
[Date "2019.02.10"]
[Round "5.5"]
[White "Marcsingo, Jozsef"]
[Black "Kohalmi, Endre"]
[Result "1-0"]
[WhiteElo "1973"]
[BlackElo "1861"]
[PlyCount "53"]
[EventDate "2018.10.28"]
[EventType "team-tourn"]
[EventRounds "9"]
[EventCountry "HUN"]
[SourceTitle "CBM 189 Extra"]
[Source "ChessBase"]
[SourceDate "2019.06.03"]
[SourceVersion "1"]
[SourceVersionDate "2019.06.03"]
[SourceQuality "1"]
[WhiteTeam "Kaposvar Bastya"]
[BlackTeam "Szentlorinc"]
[WhiteTeamCountry "HUN"]
[BlackTeamCountry "HUN"]

1. e4 c6 2. c4 d5 3. cxd5 cxd5 4. exd5 Qxd5 5. Nc3 Qd8 6. Bc4 e6 7. Nf3 Nf6 8. d4 Be7 9. 0-0 0-0 10. Bf4 a6 11. a4 Qb6 12. Qb3 Nbd7 13. Rfe1 Qxb3 14. Bxb3 Bb4 15. a5 Nd5 16. Nxd5 exd5 17. Re2 Nb8 18. Bxd5 Rd8 19. Ra4 Bf8 20. Rc4 Bd7 21. Bxb7 Bb5 22. Bxa8 Bxc4 23. Rc2 Bd3 24. Bc7 Re8 25. Rc3 Be2 26. Ne5 Bb4 27. Rb3 1-0

[Event "HUN-chT2 Breyer 1718"]
[Site "Hungary"]
[Date "2017.10.08"]
[Round "2.9"]
[White "Fehervari, Istvan"]
[Black "Kohalmi, Endre"]
[Result "1/2-1/2"]
[WhiteElo "1971"]
[BlackElo "1839"]
[PlyCount "136"]
[EventDate "2017.09.24"]
[EventType "team-tourn"]
[EventRounds "11"]
[EventCountry "HUN"]
[SourceTitle "EXT 2021"]
[Source "ChessBase"]
[SourceDate "2020.10.23"]
[SourceVersion "1"]
[SourceVersionDate "2020.10.23"]
[SourceQuality "1"]
[WhiteTeam "Szekesfehervar"]
[BlackTeam "Kisber Aszar"]
[WhiteTeamCountry "HUN"]
[BlackTeamCountry "HUN"]

1. d4 c6 2. Nf3 d5 3. e3 Nf6 4. Bd3 Bg4 5. Nbd2 e6 6. 0-0 Bd6 7. c4 Nbd7 8. Qc2 Rc8 9. b3 0-0 10. Bb2 Re8 11. Ne5 Bh5 12. Rae1 Qc7 13. f4 Bg6 14. Nxg6 hxg6 15. Nf3 c5 16. Ne5 Nb6 17. Rc1 Qe7 18. Qb1 Rc7 19. Rf3 Rec8 20. Rh3 Bxe5 21. fxe5 Ne4 22. Bxe4 dxe4 23. Qxe4 Nd7 24. Rf1 Nf8 25. Qg4 Nh7 26. Rg3 cxd4 27. exd4 b5 28. c5 Rd7 29. b4 Rcd8 30. h4 Rd5 31. Rgf3 Rf8 32. Rh3 Rfd8 33. Ra3 Ra8 34. Ra6 Qb7 35. Ra3 Qe7 36. Raf3 Rf8 37. Rf4 g5 38. hxg5 Qxg5 39. Qxg5 Nxg5 40. Rg4 Nh7 41. Rf3 Rc8 42. Rh3 Nf8 43. Ra3 Ra8 44. Ra6 Rd7 45. Rg3 Ng6 46. Rg4 Ne7 47. Ra3 Nc6 48. Rag3 g6 49. a3 Rad8 50. Rh3 Kf8 51. Rh8+ Ke7 52. Rxd8 Kxd8 53. Bc3 Ne7 54. Kf2 Kc7 55. Bb2 Kc6 56. Ke3 Kd5 57. Kd3 Nc6 58. Bc3 a6 59. Rh4 Rd8 60. Rh7 Rd7 61. Rh8 Rd8 62. Rh7 Rd7 63. Rh1 Rd8 64. Rf1 Rd7 65. Ra1 Ra7 66. a4 Rb7 67. axb5 axb5 68. Ra6 Rb8 1/2-1/2

[Event "HUN-chT2 Asztalos 0809"]
[Site "Hungary"]
[Date "2008.11.02"]
[Round "2"]
[White "Balazs, Andras1111"]
[Black "Kohalmi, Endre"]
[Result "1-0"]
[WhiteElo "2016"]
[BlackElo "1964"]
[PlyCount "71"]
[EventDate "2008.10.26"]
[EventType "team-tourn"]
[EventRounds "11"]
[EventCountry "HUN"]
[SourceTitle "EXT 2010"]
[Source "ChessBase"]
[SourceDate "2010.11.25"]
[SourceVersion "1"]
[SourceVersionDate "2010.11.25"]
[SourceQuality "1"]
[WhiteTeam "Mohacs"]
[BlackTeam "Komlo"]
[WhiteTeamCountry "HUN"]
[BlackTeamCountry "HUN"]

1. d4 d5 2. c4 e6 3. Nc3 Nf6 4. Bf4 Bb4 5. Qc2 Nc6 6. e3 h6 7. Nf3 Nh5 8. Bg3 Nxg3 9. hxg3 Qf6 10. a3 Bxc3+ 11. Qxc3 0-0 12. b4 Ne7 13. c5 Ng6 14. Bd3 Re8 15. Rh5 Bd7 16. Ne5 Nxe5 17. dxe5 Qd8 18. Bc2 Bb5 19. a4 Bc4 20. Rd1 Qe7 21. Bb1 a5 22. Qc2 g6 23. Rxh6 Kg7 24. Rxg6+ fxg6 25. Qxg6+ Kf8 26. Rd4 Qg7 27. Rf4+ Kg8 28. Qh5 axb4 29. Rg4 Re7 30. Qh7+ Kf8 31. Rxg7 Rxg7 32. Qh8+ Rg8 33. Qf6+ Ke8 34. Qxe6+ Kf8 35. Qf6+ Ke8 36. e6 1-0

[Event "HUN-chT2 Asztalos 0708"]
[Site "Hungary"]
[Date "2007.11.11"]
[Round "2"]
[White "Szemes, Tibor"]
[Black "Kohalmi, Endre"]
[Result "0-1"]
[WhiteElo "1898"]
[BlackElo "1992"]
[PlyCount "82"]
[EventDate "2007.10.14"]
[EventType "team"]
[EventRounds "11"]
[EventCountry "HUN"]
[SourceTitle "EXT 2009"]
[Source "ChessBase"]
[SourceDate "2008.11.26"]
[SourceVersion "1"]
[SourceVersionDate "2008.11.26"]
[SourceQuality "1"]
[WhiteTeam "Koppany"]
[BlackTeam "Komlo Banyasz"]
[WhiteTeamCountry "HUN"]
[BlackTeamCountry "HUN"]

1. e4 c6 2. d4 d5 3. exd5 cxd5 4. Nf3 Nc6 5. c4 Nf6 6. cxd5 Nxd5 7. Nc3 Bg4 8. Be2 e6 9. 0-0 a6 10. h3 Bh5 11. Bg5 Qa5 12. Qc2 Rc8 13. Nxd5 Qxd5 14. Bc4 Qd7 15. Ne5 Qxd4 16. Nxc6 Rxc6 17. Rad1 Bxd1 18. Rxd1 Qb6 19. Rd8+ Qxd8 20. Bxd8 Kxd8 21. Qd2+ Kc8 22. Be2 Be7 23. Bf3 Rc7 24. Qf4 Bf6 25. b4 Rd8 26. a4 Rd4 27. Qe3 Rxb4 28. Qa7 Rb1+ 29. Kh2 Be5+ 30. g3 Rc2 31. Kg2 Rbb2 32. Qa8+ Bb8 33. Bxb7+ Rxb7 34. Qxa6 Ba7 35. Kh1 Rxf2 36. Qc6+ Rc7 37. Qe8+ Kb7 38. Qb5+ Ka8 39. Qe8+ Bb8 40. Kg1 Rb2 41. Qd8 Rc1+ 0-1

[Event "HUN-chT2 Asztalos 0607"]
[Site "Hungary"]
[Date "2007.03.25"]
[Round "7"]
[White "Czimer, Jozsef"]
[Black "Kohalmi, Endre"]
[Result "1-0"]
[WhiteElo "1870"]
[BlackElo "2001"]
[PlyCount "93"]
[EventDate "2006.11.12"]
[EventType "team"]
[EventRounds "11"]
[EventCountry "HUN"]
[SourceTitle "EXT 2008"]
[Source "ChessBase"]
[SourceDate "2007.11.25"]
[SourceVersion "1"]
[SourceVersionDate "2007.11.25"]
[SourceQuality "1"]
[WhiteTeam "MAV Elore"]
[BlackTeam "Komlo Banyasz"]
[WhiteTeamCountry "HUN"]
[BlackTeamCountry "HUN"]

1. e4 c6 2. d4 d5 3. Nc3 dxe4 4. Nxe4 Bf5 5. Ng3 Bg6 6. Nf3 Nd7 7. h4 h6 8. h5 Bh7 9. Bd3 Bxd3 10. Qxd3 Ngf6 11. Bf4 e6 12. 0-0-0 Be7 13. Kb1 Nd5 14. Bd2 Qc7 15. Ne2 Bd6 16. c4 Nf4 17. Nxf4 Bxf4 18. g3 Bd6 19. Bc3 0-0 20. Qe2 Be7 21. d5 cxd5 22. cxd5 Nc5 23. dxe6 Nxe6 24. Nd4 Nxd4 25. Bxd4 Rae8 26. Qg4 f6 27. Be3 Kh8 28. Rd7 Qc6 29. Rc1 f5 30. Rxc6 fxg4 31. Rcc7 Bf6 32. Rxb7 a5 33. Rd5 Ra8 34. a4 Ra6 35. Rbb5 Rfa8 36. Bb6 Re8 37. Bxa5 Re2 38. Rf5 Bd4 39. Bc3 Bxc3 40. bxc3 Rxa4 41. Rb2 Re7 42. Rb8+ Kh7 43. Rff8 g5 44. Rh8+ Kg7 45. Rbg8+ Kf6 46. Rxh6+ Ke5 47. Rxg5+ 1-0

[Event "HUN-chT2 Asztalos 0607"]
[Site "Hungary"]
[Date "2006.11.19"]
[Round "2"]
[White "Koppany, Tamas"]
[Black "Kohalmi, Endre"]
[Result "1/2-1/2"]
[WhiteElo "2025"]
[BlackElo "2001"]
[PlyCount "133"]
[EventDate "2006.11.12"]
[EventType "team"]
[EventRounds "11"]
[EventCountry "HUN"]
[SourceTitle "EXT 2008"]
[Source "ChessBase"]
[SourceDate "2007.11.25"]
[SourceVersion "1"]
[SourceVersionDate "2007.11.25"]
[SourceQuality "1"]
[WhiteTeam "Nagyatad"]
[BlackTeam "Komlo Banyasz"]
[WhiteTeamCountry "HUN"]
[BlackTeamCountry "HUN"]

1. d4 c5 2. e3 cxd4 3. exd4 d5 4. f4 Nf6 5. Nf3 Bg4 6. Be2 e6 7. 0-0 Bd6 8. Ne5 Bxe2 9. Qxe2 g6 10. Qb5+ Nbd7 11. Qxb7 0-0 12. Qa6 Qc7 13. c3 Rab8 14. Nd2 Rb6 15. Qd3 Rc8 16. Rf3 a5 17. b3 Qa7 18. Nxd7 Qxd7 19. Bb2 a4 20. b4 Qc7 21. g3 Rc6 22. a3 Qb7 23. Rc1 Be7 24. Rff1 Qc7 25. Nf3 Bd6 26. Rc2 Ne4 27. Rfc1 Rc4 28. Nd2 Nxd2 29. Rxd2 Kg7 30. Rf1 h5 31. Rg2 Rh8 32. Rf3 Rh7 33. Qc2 Qc6 34. h3 Qb5 35. g4 hxg4 36. hxg4 Qd7 37. f5 e5 38. dxe5 Bxe5 39. Qe2 Re4 40. Qf2 g5 41. Re3 Rf4 42. Qd2 f6 43. Bc1 Rh4 44. Qd1 Qa7 45. Qxd5 Bxc3 46. Rgg3 Bd4 47. Kg2 Rfxg4 48. Rd3 Rxg3+ 49. Rxg3 Bg1 50. Rf3 Rd4 51. Qe6 Rg4+ 52. Kf1 Qb7 53. Qe2 Bd4 54. Be3 Qe4 55. Bxd4 Qb1+ 56. Qe1 Qxe1+ 57. Kxe1 Rxd4 58. Ke2 Kf7 59. Rc3 Rd5 60. Rc7+ Ke8 61. Ra7 Rxf5 62. Rxa4 Kd7 63. Ra8 Kc7 64. Re8 Kb6 65. Re3 Kb5 66. Rf3 Rxf3 67. Kxf3 1/2-1/2

[Event "HUN-chT2 Asztalos 0506"]
[Site "Hungary"]
[Date "2006.03.19"]
[Round "9"]
[White "Kiss, Attila"]
[Black "Kohalmi, Endre"]
[Result "1/2-1/2"]
[WhiteElo "2407"]
[BlackElo "2013"]
[PlyCount "21"]
[EventDate "2005.10.16"]
[EventType "team"]
[EventRounds "11"]
[EventCountry "HUN"]
[SourceTitle "EXT 2009"]
[Source "ChessBase"]
[SourceDate "2008.11.26"]
[SourceVersion "1"]
[SourceVersionDate "2008.11.26"]
[SourceQuality "1"]
[WhiteTeam "Nagyatad"]
[BlackTeam "Komlo Banyasz"]
[WhiteTeamCountry "HUN"]
[BlackTeamCountry "HUN"]

1. d4 c5 2. d5 e5 3. e4 d6 4. Nf3 Bg4 5. Nbd2 Be7 6. Be2 Bxf3 7. Nxf3 a6 8. a4 Nd7 9. b3 Rb8 10. c4 a5 11. Be3 1/2-1/2

[Event "HUN-chT2 Asztalos 0405"]
[Site "Hungary"]
[Date "2005.04.24"]
[Round "11"]
[White "Dudas, Eszter"]
[Black "Kohalmi, Endre"]
[Result "1-0"]
[WhiteElo "1916"]
[BlackElo "2062"]
[PlyCount "105"]
[EventDate "2004.09.26"]
[EventType "team"]
[EventRounds "11"]
[EventCountry "HUN"]
[SourceTitle "EXT 2009"]
[Source "ChessBase"]
[SourceDate "2008.11.26"]
[SourceVersion "1"]
[SourceVersionDate "2008.11.26"]
[SourceQuality "1"]
[WhiteTeam "MAV Elore"]
[BlackTeam "Komlo Banyasz"]
[WhiteTeamCountry "HUN"]
[BlackTeamCountry "HUN"]

1. e4 c6 2. d4 d5 3. exd5 cxd5 4. c4 Nf6 5. Nc3 Nc6 6. Nf3 Bg4 7. Be2 e6 8. 0-0 Bd6 9. cxd5 Nxd5 10. Nxd5 exd5 11. Qd3 h6 12. Re1 Be6 13. Bd2 0-0 14. Bd1 Ne7 15. Nh4 Rc8 16. Bc2 Rxc2 17. Qxc2 Nc6 18. Nf3 Bg4 19. Qd3 Bxf3 20. Qxf3 Nxd4 21. Qd3 Nc6 22. Kh1 d4 23. Re4 Qf6 24. f3 a6 25. a3 Qg6 26. Qc4 Qh5 27. Bf4 Bxf4 28. Rxf4 Rd8 29. Rd1 Qd5 30. Qd3 g6 31. h3 Kg7 32. b4 h5 33. Re4 Qf5 34. Qb1 Qb5 35. Qb3 Qd5 36. Qxd5 Rxd5 37. Kg1 Kf6 38. Kf2 Kf5 39. Ke2 Re5 40. Rxe5+ Kxe5 41. g3 Kd5 42. Rc1 b6 43. f4 f6 44. Kd3 b5 45. Re1 g5 46. Re8 h4 47. gxh4 gxf4 48. h5 Ne5+ 49. Kd2 f3 50. h6 Nf7 51. h7 f2 52. Ke2 d3+ 53. Kxf2 1-0

[Event "HUN-chT2 Asztalos 0203"]
[Site "Hungary"]
[Date "2003.01.19"]
[Round "5"]
[White "Pap, Gyula"]
[Black "Kohalmi, Endre"]
[Result "0-1"]
[WhiteElo "2138"]
[BlackElo "2111"]
[PlyCount "94"]
[EventDate "2002.09.22"]
[EventType "team"]
[EventRounds "11"]
[EventCountry "HUN"]
[SourceTitle "EXT 2009"]
[Source "ChessBase"]
[SourceDate "2008.11.26"]
[SourceVersion "1"]
[SourceVersionDate "2008.11.26"]
[SourceQuality "1"]

1. e4 c6 2. c4 d5 3. exd5 cxd5 4. cxd5 Nf6 5. Nc3 Nxd5 6. d4 a6 7. Nf3 e6 8. Bd3 Nc6 9. 0-0 Be7 10. Re1 0-0 11. a3 Bf6 12. Bc2 g6 13. Bh6 Re8 14. Ne4 Bg7 15. Qd2 Nf6 16. Rad1 b5 17. Nxf6+ Bxf6 18. d5 exd5 19. Qxd5 Bb7 20. Rxe8+ Qxe8 21. Qd7 Qe7 22. Qxe7 Nxe7 23. Nd4 Rc8 24. Bb1 Rd8 25. Be3 Nc6 26. Be4 Nxd4 27. Bxb7 Ne2+ 28. Kf1 Rxd1+ 29. Kxe2 Rd6 30. b3 Bb2 31. a4 bxa4 32. bxa4 Bc3 33. Bc5 Rd2+ 34. Kf3 a5 35. Bc6 Be5 36. Be3 Rc2 37. Bb5 f5 38. Bb6 Bc7 39. Bd4 Kf7 40. h4 Ke6 41. h5 gxh5 42. g3 h4 43. gxh4 Kd5 44. Bf6 Bb6 45. Kf4 Rxf2+ 46. Kg5 Be3+ 47. Kh5 Bd2 0-1

[Event "Sakktoto op 20th"]
[Site "Fuzesabony"]
[Date "2002.04.28"]
[Round "6.10"]
[White "Kohalmi, Endre"]
[Black "Szabo, Leon"]
[Result "1-0"]
[WhiteElo "2167"]
[BlackElo "2022"]
[PlyCount "135"]
[EventDate "2002.04.26"]
[EventType "swiss"]
[EventRounds "7"]
[EventCountry "HUN"]
[SourceTitle "EXT 2004"]
[Source "ChessBase"]
[SourceDate "2003.11.25"]
[SourceVersion "1"]
[SourceVersionDate "2003.11.25"]
[SourceQuality "1"]

1. d4 d5 2. c4 e6 3. Nc3 c6 4. Nf3 dxc4 5. a4 Bb4 6. e3 b5 7. Bd2 Qb6 8. Ne4 Be7 9. b3 cxb3 10. Qxb3 Ba6 11. a5 Qc7 12. Bb4 Nd7 13. Bd3 Ngf6 14. Bxe7 Nxe4 15. Bxe4 Kxe7 16. 0-0 Nf6 17. Qb4+ Qd6 18. Qxd6+ Kxd6 19. Ng5 Rhf8 20. Rfc1 Rac8 21. Bf3 Rc7 22. Rc5 Kd7 23. Rac1 Bb7 24. g3 h6 25. Nh3 g5 26. Bg2 Ne8 27. a6 Ba8 28. e4 Nd6 29. d5 Nc4 30. dxe6+ Kxe6 31. f4 f6 32. Bf1 Nd2 33. Bxb5 Nxe4 34. R5c2 Kd7 35. Rd1+ Nd6 36. Ba4 Rd8 37. Rcd2 Ke7 38. Re1+ Kf8 39. Re6 Nf7 40. Rxd8+ Nxd8 41. Rxf6+ Kg7 42. fxg5 hxg5 43. Rf5 Nf7 44. Nxg5 Kg6 45. Rxf7 Rxf7 46. Nxf7 Kxf7 47. Kf2 c5 48. Bb3+ Kf6 49. Ke3 Bc6 50. Bc4 Ke5 51. g4 Bd7 52. g5 Be8 53. h4 Bg6 54. Be2 Be8 55. h5 c4 56. h6 Bg6 57. Bh5 Kf5 58. Bxg6+ Kxg6 59. Kd4 c3 60. Kxc3 Kh7 61. Kd4 Kg6 62. Ke5 Kh7 63. Kf6 Kh8 64. g6 Kg8 65. g7 Kh7 66. Kf7 Kxh6 67. g8Q Kh5 68. Qg3 1-0

[Event "Sakktoto op 20th"]
[Site "Fuzesabony"]
[Date "2002.04.26"]
[Round "2.9"]
[White "Kohalmi, Endre"]
[Black "Papp Zoltan, Csaba"]
[Result "0-1"]
[WhiteElo "2167"]
[BlackElo "2360"]
[PlyCount "44"]
[EventDate "2002.04.26"]
[EventType "swiss"]
[EventRounds "7"]
[EventCountry "HUN"]
[SourceTitle "EXT 2004"]
[Source "ChessBase"]
[SourceDate "2003.11.25"]
[SourceVersion "1"]
[SourceVersionDate "2003.11.25"]
[SourceQuality "1"]

1. d4 d5 2. c4 Bf5 3. Qb3 e5 4. Qxb7 Nd7 5. cxd5 Rb8 6. Qc6 Bxb1 7. Rxb1 Bb4+ 8. Bd2 Bxd2+ 9. Kxd2 Ne7 10. Qa4 Nxd5 11. Nf3 0-0 12. e3 c5 13. Bb5 N7b6 14. Qc2 cxd4 15. exd4 exd4 16. Rhd1 Qe7 17. Nxd4 Qg5+ 18. Ke2 Qxg2 19. Rg1 Nf4+ 20. Ke3 Nbd5+ 21. Kd2 Qxf2+ 22. Ne2 Qe3+ 0-1

[Event "HUN-chT3 0102"]
[Site "Hungary"]
[Date "2002.03.03"]
[Round "8.3"]
[White "Kohalmi, Endre"]
[Black "Balazs, Imre"]
[Result "0-1"]
[WhiteElo "2167"]
[BlackElo "2130"]
[PlyCount "78"]
[EventDate "2001.09.30"]
[EventType "team"]
[EventRounds "11"]
[EventCountry "HUN"]
[SourceTitle "EXT 2004"]
[Source "ChessBase"]
[SourceDate "2003.11.25"]
[SourceVersion "1"]
[SourceVersionDate "2003.11.25"]
[SourceQuality "1"]

1. d4 Nf6 2. c4 e6 3. Nc3 d5 4. Bg5 Be7 5. Nf3 0-0 6. e3 h6 7. Bh4 b6 8. cxd5 Nxd5 9. Bxe7 Qxe7 10. Nxd5 exd5 11. Be2 Be6 12. Rc1 c5 13. b3 Nd7 14. 0-0 a5 15. Bb5 Rfc8 16. Qd3 Nf6 17. Rc2 g6 18. Qd2 c4 19. Ne5 Ne4 20. Qc1 cxb3 21. axb3 Rxc2 22. Qxc2 Rc8 23. Qb2 Qc7 24. Bd3 Qc3 25. Qa3 Kg7 26. Ba6 Rc7 27. Nf3 g5 28. h3 h5 29. Qa1 g4 30. hxg4 hxg4 31. Ne5 Nd2 32. Qxc3 Rxc3 33. Rd1 Nxb3 34. Rb1 a4 35. Nd3 Bf5 36. Rd1 Bxd3 37. Rxd3 Rxd3 38. Bxd3 a3 39. Bb1 Nc1 0-1